000 00463nam a2200181Ia 4500
001 13202
005 20260306163036.0
008 260306t2016||||xx |||||||||||||| ||spa||
041 _aESP
082 _a001.42
_bB74
100 _aBorda Pérez, Mariela
_eAUT
245 0 _aEl proceso de investigación:
_bvisión general de su desarrollo
260 _c2016
300 _a293 páginas :
_c24 cm.
650 _aGEN
654 _aCHU
942 _cLIB
_dJUS
_fJUS
_2ddc
_n
999 _c13202
_d13202